Computer ethics : (Record no. 101452)

MARC details
000 -LEADER
fixed length control field 00779cam a2200241Ja 4500
008 - FIXED-LENGTH DATA ELEMENTS--GENERAL INFORMATION
fixed length control field
020 ## - INTERNATIONAL STANDARD BOOK NUMBER
International Standard Book Number 0631172416 (hbk.)
049 ## - LOCAL HOLDINGS (OCLC)
Holding library MAIN
090 ## - LOCALLY ASSIGNED LC-TYPE CALL NUMBER (OCLC); LOCAL CALL NUMBER (RLIN)
Classification number (OCLC) (R) ; Classification number, CALL (RLIN) (NR) QA76.9.M65
Local cutter number (OCLC) ; Book number/undivided call number, CALL (RLIN) FOR
003 - CONTROL NUMBER IDENTIFIER
control field
005 - DATE AND TIME OF LATEST TRANSACTION
control field 20230120193552.0
040 ## - CATALOGING SOURCE
Transcribing agency NUST
100 1# - MAIN ENTRY--PERSONAL NAME
Personal name Forester, Tom.
245 10 - TITLE STATEMENT
Title Computer ethics :
Remainder of title cautionary tales and ethical dilemmas in computing /
Statement of responsibility, etc. Tom Forester and Perry Morrison.
260 ## - PUBLICATION, DISTRIBUTION, ETC.
Place of publication, distribution, etc. Oxford, UK :
Name of publisher, distributor, etc. B. Blackwell,
Date of publication, distribution, etc. 1990.
300 ## - PHYSICAL DESCRIPTION
Extent viii, 193p. ;
Dimensions 23cm.
500 ## - GENERAL NOTE
General note Includes index.
504 ## - BIBLIOGRAPHY, ETC. NOTE
Bibliography, etc. note Includes bibliographical references.
650 #0 - SUBJECT ADDED ENTRY--TOPICAL TERM
Topical term or geographic name entry element Electronic data processing
General subdivision Moral and ethical aspects.
700 1# - ADDED ENTRY--PERSONAL NAME
Personal name Morrison, Perry.
907 ## - LOCAL DATA ELEMENT G, LDG (RLIN)
a .b10023008
b 25-06-09
c 17-04-03
942 ## - ADDED ENTRY ELEMENTS (KOHA)
Koha item type Ordinary Loan Books
Call number prefix QA76.9.M65
Call number suffix FOR
Holdings
Date last seen Total Checkouts Full call number Barcode Cost, replacement price Price effective from Koha item type Lost status Source of classification or shelving scheme Damaged status Not for loan Collection Withdrawn status Home library Current library Shelving location Date acquired Cost, normal purchase price
01/20/2023 68 QA76.9.M65 FOR 92003008268 80.00 01/20/2023 BOOKS-SL   LCC   1 NFIC   MAIN MAIN GEN 01/20/2023 80.00